000 01426naa a22003257a 4500
001 BR8500349
003 BR-BrBNA
005 20240918175506.0
007 ta
008 230509b bl.||||| |||| 00| 0 por d
040 _aBR-BrBNA
_bpor
_cBiblioteca Nacional de Agricultura
041 _a(Pt)
072 _aH10
_b1410
_b4020
_b3877
090 _aH10 BR8500349
100 1 _aMorelli, J.L.
100 1 _aCotas, M.P.
100 1 _aCrocomo, W.B.
245 1 _aAvaliacao de inseticidas para o controle quimico da lagarta enroladeira (Hedylepta indicata Fabr., 1775)(Lepidoptera- Pyralidae)em feijoeiro [Phaseolus vulgaris]
246 1 _a[Evaluation of insecticides for the chemical control of Hedylepta indicata Fabr., 1775 (Lepidoptera-Pyralidae)in bean plant [Phaseolus vulgaris]]
246 1 _a[Results of the experimentation with pesticides]
260 3 _aBotucatu, SP (Brasil):
_c1984.
500 _aCrocomo, W.B. Resultados da experimentacao com defensivos agricolas Botucatu, SP (Brasil): 1984. p. 13-18 (BR8500349-AM)H10
650 _aFEIJAO
650 _aLAGARTA
650 _aINSETICIDA
650 _aCONTROLE QUIMICO
773 0 _tResultados da experimentacao com defensivos agricolas
_aCrocomo, W.B.. Fundacao de Estudos e Pesquisas Agricolas e Florestais, Botucatu, SP (Brasil)
_wH10 BR8500349
_gBotucatu, SP (Brasil), 1984. p. 13-18
909 _a202404
_bLucia
_c55
_dLucia Elande
942 _cAM
_2AGRIS
999 _c316980
_d316980